LEADER 01108nam a2200289 a 4500 001 000000135322 003 CaOOAMICUS 005 20130904130909.0 008 130904s1998 it u000 u ita r 020 $a88-04-39788-8 040 $aPUL$bita 100 1 $aZecchi, Stefano.$0(OLS)http://pul/name/40923 245 12$aL'artista armato :$bcontro i crimini della modernità /$cStefano Zecchi. 260 $aMilano :$bMondadori,$c1998. 300 $a262 p. ;$c20 cm 490 1 $aSaggi 504 $aInclude bibliografia e indici. 650 4$aArte$xFilosofia.$0(OLS)http://pul/subject/18956 830 0$aSaggi (Mondadori).$0(OLS)http://pul/title/26238 850 $aPUL 852 $aPUL$W1$xDP1 Fondo E. Rossi$y115$m1 Z 9$j155947$qFondi$B155354$CPULBib$Z2$F155354 $82 941 1 $a1 961 $aSul dorso collocazione ms. di E. Rossi: Z 1 8 996 $6020$a88-04-39788-8$9(OLS)http://pul/number/153501 996 $6245$aL'artista armato :$bcontro i crimini della modernità$9(OLS)http://pul/title/171116 996 $6260$aMilano :$bMondadori$9(OLS)http://pul/publisher/50297 LEADER 02320nam a2200445 a 4500 001 000000174642 003 CaOOAMICUS 005 20250604162023.0 008 210709s2015 be h u000 u eng r 020 $z978-90-5867-962-8* 032 $aLibriCat 040 $aPUL$bita$d 041 0 $aeng$alat$a$a$a 100 1 $aPtolemaeus, Claudius,$d100-ca.178.$0(OLS)http://pul/name/71996 245 00$aPtolemy's Tetrabiblos in the translation of William of Moerbeke = $bClaudii Ptolemaei liber iudicialium / $cedited by Gudrun Vuillemin-Diem and Carlos Steel with the assistance of Pieter De Leemans. 246 00$aLiber iudicialium 246 01$aClaudii Ptolemaei liber iudicialium 260 $aLeuven :$bUniversity Press,$c©2015. 300 $ax, 443 p.:$bfacs., ill.;$c24 cm 490 1 $aAncient and medieval philosophy.$aSeries 1 ;$v19 500 $aComprende indici. 500 $aPrima edizione moderna della traduzione in latino dell'opera di Tolomeo 'Tetrabiblos'. Nel medioevo l'opera era conosciuta esclusivamente dalle traduzioni in lingua araba. 504 $aBibliografia in nota. 650 4$aAstrologia$yEvo medio.$0(OLS)http://pul/subject/28790 650 4$aAstrologia antica.$0(OLS)http://pul/subject/24102 700 1 $aLeemans, Pieter de.$0(OLS)http://pul/name/112223 700 0 $aGuilelmus de Moerbeka,$d1215-1286.$0(OLS)http://pul/name/18966 700 1 $aSteel, Carlos.$0(OLS)http://pul/name/3170 700 1 $aVuillemin-Diem, Gudrun.$0(OLS)http://pul/name/857 830 0$aAncient and medieval philosophy.$nSeries 1 ;$v19.$0(OLS)http://pul/title/225 850 $aPUL 852 $aPUL$W1$xSL Religione 1$y3$m80 H 19$j198953$qStampati$B203585$CPULBib$Z2$F203585 $H135061 $82 900 $aTolomeo, Claudio,$d100-ca.178$971996 941 1 $a8 996 $6020$z978-90-5867-962-8*$9(OLS)http://pul/number/168263 996 $6245$aPtolemy's Tetrabiblos in the translation of William of Moerbeke = $bClaudii Ptolemaei liber iudicialium / $9(OLS)http://pul/title/215947 996 $6246$aLiber iudicialium$9(OLS)http://pul/title/215949 996 $6246$aClaudii Ptolemaei liber iudicialium $9(OLS)http://pul/title/215948 996 $6260$aLeuven :$bUniversity Press$9(OLS)http://pul/publisher/47947